[Event "29th ECC Open 2013"]
[Site "Rhodes GRE"]
[Date "2013.10.22"]
[Round "3.10"]
[White "Van de Griendt,JW"]
[Black "Zaragatski,I"]
[Result "1/2-1/2"]
[WhiteElo "2317"]
[BlackElo "2510"]

1.d4 Nf6 2.Bg5 Ne4 3.Bf4 c5 4.f3 Qa5+ 5.c3 Nf6 6.d5 e6 7.e4 exd5 8.exd5 d6
9.Qd2 Be7 10.c4 Qd8 11.Nc3 O-O 12.Be2 Na6 13.g4 Nc7 14.Nh3 a6 15.a4 b6 16.Nf2 Rb8
17.O-O Bd7 18.b3 Nfe8 19.Rab1 h6 20.Nh3 g5 21.Be3 f5 22.Qc2 Ng7 23.Nf2 Bf6
24.Bd3 Be5 25.Bd2 Nce8 26.Ne2 f4 27.b4 Nf6 28.a5 cxb4 29.Rxb4 bxa5 30.Rxb8 Qxb8
31.Bxa5 Qa7 32.Rb1 Rb8 33.Rxb8+ Qxb8 34.c5 dxc5 35.Qxc5 Bd6 36.Qd4 Be5 37.Qc5 Bd6
38.Qd4 Be5 39.Qc5 Bd6 40.Qd4  1/2-1/2

[Event "29th ECC Open 2013"]
[Site "Rhodes GRE"]
[Date "2013.10.24"]
[Round "5.17"]
[White "Palliser,R"]
[Black "Sreeves,C"]
[Result "1-0"]
[WhiteElo "2455"]
[BlackElo "2233"]

1.d4 Nf6 2.Bg5 Ne4 3.Bf4 d5 4.e3 c5 5.Bd3 Nf6 6.Nf3 Nc6 7.c3 Bg4 8.Nbd2 Rc8
9.h3 Bxf3 10.Qxf3 e6 11.O-O Bd6 12.dxc5 Bxc5 13.e4 dxe4 14.Nxe4 Nxe4 15.Bxe4 Qe7
16.Rad1 a5 17.a3 a4 18.Bc2 b5 19.Bd3 Na7 20.Qe2 Qb7 21.Be4 Qe7 22.Bd3 Qb7
23.Be4 Qe7 24.Qh5 g6 25.Qh6 Qf8 26.Qh4 Qe7 27.Bg5 Qc7 28.Rd2 Be7 29.Rfd1 Bxg5
30.Qxg5 O-O 31.Rd7 Qa5 32.Qe7 Nc6 33.Bxc6 Rxc6 34.Rd8 Rxd8 35.Rxd8+ Kg7 36.Rd7 Kh8
37.Qf8+  1-0

[Event "29th ECC Open 2013"]
[Site "Rhodes GRE"]
[Date "2013.10.24"]
[Round "5.16"]
[White "Nelis,JF"]
[Black "Lendwai,R"]
[Result "1/2-1/2"]
[WhiteElo "2234"]
[BlackElo "2379"]

1.d4 Nf6 2.Bg5 Ne4 3.Bf4 c5 4.f3 Qa5+ 5.c3 Nf6 6.d5 Qb6 7.Bc1 e6 8.e4 exd5
9.exd5 d6 10.c4 Be7 11.Nc3 O-O 12.Bd3 Nbd7 13.f4 Re8 14.Nge2 Nf8 15.h3 Ng6
16.O-O Bf8 17.Qc2 Qd8 18.Bd2 a6 19.a4 Rb8 20.Rae1 Bd7 21.b3 b5 22.axb5 axb5
23.Ng3 Qb6 24.Kh2 bxc4 25.bxc4 Rxe1 26.Rxe1 Qd8 27.Rb1 Rxb1 28.Qxb1 Ng4+
29.Kg1 Qh4 30.Nce2 Nf6 31.Bf5 Ba4 32.Bc2 Bxc2 33.Qxc2 Nh5 34.Nf5 Qd8 35.g3 Ne7
36.Ne3 Nf6 37.Bc3 Nc8 38.Qf5 Qe7 39.Kf2 Ne4+ 40.Kf3 Nxc3 41.Nxc3 Nb6 42.Ne4  1/2-1/2

[Event "29th ECC Open 2013"]
[Site "Rhodes GRE"]
[Date "2013.10.26"]
[Round "7.16"]
[White "Thorfinnsson,Bj"]
[Black "Wiedenkeller,M"]
[Result "0-1"]
[WhiteElo "2385"]
[BlackElo "2479"]

1.d4 Nf6 2.Bg5 Ne4 3.Bh4 c5 4.f3 g5 5.fxe4 gxh4 6.e3 Bh6 7.Qd3 Qb6 8.Qc3 Bg7
9.e5 Nc6 10.Nf3 cxd4 11.exd4 d6 12.Nbd2 dxe5 13.d5 Nb4 14.Nc4 Qc5 15.Ne3 Qxe3+
16.Qxe3 Nxc2+ 17.Kd2 Nxe3 18.Kxe3 Bd7 19.Nxh4 f5 20.g4 Bh6+ 21.Kd3 fxg4 22.h3 g3
23.Rg1 Rf8 24.a4 Rf4  0-1

[Event "29th ECC Open 2013"]
[Site "Rhodes GRE"]
[Date "2013.10.26"]
[Round "7.10"]
[White "Rusev,K"]
[Black "Sreeves,C"]
[Result "1/2-1/2"]
[WhiteElo "2556"]
[BlackElo "2233"]

1.d4 Nf6 2.Bg5 Ne4 3.Bf4 d5 4.e3 c5 5.Bd3 Nf6 6.dxc5 Nc6 7.Nf3 Bg4 8.Bb5 e6
9.b4 a5 10.c3 Nd7 11.Bg3 h5 12.h3 Bxf3 13.Qxf3 g5 14.a3 g4 15.Qe2 h4 16.Bd6 gxh3
17.Rxh3 Qg5 18.f4 Qf6 19.Bxf8 Kxf8 20.Ra2 e5 21.Qg4 Qe7 22.Re2 Nf6 23.Qf5 Rh5
24.Qd3 Rd8 25.Nd2 Qe6 26.Bxc6 Qxc6 27.fxe5 Ng4 28.Qd4 Qg6 29.b5 Re8 30.Qxd5 Rhxe5
31.Qd6+ Qxd6 32.cxd6 Nxe3 33.d7 Nxg2+ 34.Kf1 Rxe2 35.dxe8=Q+ Kxe8 36.Kxe2 Nf4+
37.Kf3 Nxh3 38.Ne4 Kd7 39.Kg4 Ng1 40.Kxh4 Nf3+ 41.Kg4 Ne5+ 42.Kf5 Nc4 43.a4 b6
44.Kf6 Nb2 45.Kxf7 Nxa4 46.Kf6 Nc5 47.Nd2 a4 48.Nc4 Ne4+ 49.Ke5 Nxc3 50.Nxb6+ Kd8
51.Nxa4 Nxb5  1/2-1/2

[Event "29th ECC Open 2013"]
[Site "Rhodes GRE"]
[Date "2013.10.26"]
[Round "7.15"]
[White "Van de Griendt,JW"]
[Black "Schaefer,Mark"]
[Result "1-0"]
[WhiteElo "2317"]
[BlackElo "2404"]

1.d4 Nf6 2.Bg5 Ne4 3.Bf4 d6 4.Qd3 Nf6 5.e4 g6 6.Nc3 Bg7 7.Be2 Nc6 8.d5 Nb8
9.Qd2 O-O 10.Bh6 e6 11.h4 exd5 12.h5 Qe7 13.Bxg7 Kxg7 14.hxg6 fxg6 15.exd5 Nbd7
16.O-O-O Ne5 17.Re1 Qd7 18.Nh3 Nf7 19.Nf4 Ng5 20.Nxg6 hxg6 21.Qxg5 Ng8 22.Qh4 Nf6
23.Bd3 Rg8 24.Ne4 Nxd5 25.Qh6+ Kf7 26.Rh3 Qa4 27.Ng5+ Kf6 28.Rf3+  1-0

[Event "17th OIBM 2013"]
[Site "Bad Wiessee GER"]
[Date "2013.10.27"]
[Round "3.41"]
[White "Acosta,M USA"]
[Black "Hilverda,A"]
[Result "0-1"]
[WhiteElo "1975"]
[BlackElo "2303"]

1.d4 Nf6 2.Bg5 Ne4 3.Bf4 d5 4.Nd2 Nxd2 5.Qxd2 c5 6.e3 Nc6 7.Nf3 Bf5 8.c3 e6
9.Bd3 Bxd3 10.Qxd3 c4 11.Qc2 Bd6 12.O-O Bxf4 13.exf4 g6 14.Rfe1 O-O 15.Ne5 Ne7
16.Ng4 h5 17.Ne5 Kg7 18.h4 Nf5 19.g3 Nd6 20.Kg2 Qc7 21.Re2 Rab8 22.Rae1 b5
23.a3 a5 24.Nf3 Ne4 25.Ng5 Nxg5 26.hxg5 b4 27.axb4 axb4 28.Qc1 bxc3 29.bxc3 Rb3
30.Ra2 Rfb8 31.Qe3 Rb1 32.Rxb1 Rxb1 33.Ra8 Rb6 34.Qc1 Rb8 35.Rxb8 Qxb8 36.Qe3 Kf8
37.Qe5 Qd8 38.Kf3 Kg8 39.Kg2 Kf8 40.Kf3 Kg8 41.Ke2 Qb6 42.Kf1 Qb1+ 43.Kg2 Qb3
44.Qd6 Qb7 45.Qd8+ Kg7 46.Qf6+ Kh7 47.Kh3 Qd7 48.Kg2 Kg8 49.Kh2 Qc7 50.Qe5 Qb6
51.Qf6 Qa5 52.Kg2 Kf8 53.Qe5 Ke7 54.Qb8 Kd7 55.Kf1 Qxc3 56.Qb7+ Ke8 57.Qc8+ Ke7
58.Qc7+ Kf8 59.Qd8+ Kg7 60.Qf6+ Kg8 61.Kg1 Qa5 62.Qe5 Qb6  0-1

[Event "17th OIBM 2013"]
[Site "Bad Wiessee GER"]
[Date "2013.10.27"]
[Round "3.2"]
[White "Nisipeanu,LD"]
[Black "Salvermoser,B"]
[Result "1-0"]
[WhiteElo "2674"]
[BlackElo "2285"]

1.d4 Nf6 2.Bg5 Ne4 3.Bf4 c5 4.f3 Qa5+ 5.c3 Nf6 6.d5 d6 7.e4 Qd8 8.c4 e5 9.Be3 Be7
10.Nc3 Nbd7 11.Nge2 Nf8 12.Qd2 h5 13.h4 Ng8 14.O-O-O a6 15.Kb1 Bd7 16.Nc1 Rb8
17.Nd3 Ng6 18.g3 b5 19.f4 exf4 20.gxf4 b4 21.Ne2 Nf6 22.Ng3 Ng4 23.Bg1 Nxh4
24.Be2 g6 25.e5 dxe5 26.fxe5 Bg5 27.Qc2 Ne3 28.Bxe3 Bxe3 29.e6 Bc8 30.Ne5 Qg5
31.Nxf7 Qxg3 32.Nxh8 b3 33.axb3 Bd4 34.Rxh4 Bxh8 35.Rg4 hxg4 36.Qxg6+ Kd8
37.d6  1-0

[Event "US Chess League 2013"]
[Site "chess.com INT"]
[Date "2013.10.31"]
[Round "10"]
[White "Duckworth,W"]
[Black "Adamson,R"]
[Result "1/2-1/2"]
[WhiteElo "2246"]
[BlackElo "2278"]

1.d4 Nf6 2.Bg5 Ne4 3.Bf4 d5 4.f3 Nf6 5.e4 dxe4 6.Nc3 Nd5 7.Nxd5 Qxd5 8.Bxc7 Nc6
9.c3 Bf5 10.fxe4 Bxe4 11.Nf3 e6 12.Bd3 Be7 13.O-O Bxd3 14.Qxd3 O-O 15.Rfe1 Bf6
16.Be5 Nxe5 17.Nxe5 Rac8 18.Ng4 Qg5 19.Nxf6+ Qxf6 20.Re5 Rfd8 21.Qe3 Qg6
22.Re1 Qc2 23.Rb5 b6 24.Qe2 Qxe2 25.Rxe2 Kf8 26.Kf2 Rd5 27.Rxd5 exd5 28.Re5 Rd8
29.a4 Rd6 30.Ke2 f6 31.Re3 Kf7 32.Kd3 Re6 33.Rxe6 Kxe6 34.b3 f5 35.h4  1/2-1/2

[Event "TCh-NED Meesterklasse 2013-14"]
[Site "Netherland NED"]
[Date "2013.11.02"]
[Round "2.10"]
[White "Scho,C"]
[Black "Hachijan,A"]
[Result "1/2-1/2"]
[WhiteElo "2153"]
[BlackElo "2216"]

1.d4 Nf6 2.Bg5 Ne4 3.Bf4 c5 4.f3 Qa5+ 5.c3 Nf6 6.Nd2 cxd4 7.Nb3 Qf5 8.Bxb8 Rxb8
9.Qxd4 b6 10.e4 Qf4 11.Nh3 Qc7 12.e5 Ng8 13.Nf2 Nh6 14.f4 Nf5 15.Qd2 e6 16.Bd3 Bb7
17.Rg1 Be7 18.O-O-O Nh4 19.Ne4 Bd5 20.Qf2 Ng6 21.Kb1 Qb7 22.Rge1 O-O 23.g3 Rfc8
24.Nd6 Bxd6 25.exd6 f5 26.h4 Nf8 27.Qd4 Bxb3 28.axb3 h5 29.Be2 g6 30.Qf6 Re8
31.Rd4 Qg2 32.Rdd1 b5 33.Bd3 Rb6 34.Bc2 Qa8 35.b4 Qd8 36.Qd4 Nh7 37.Re5 Qb8
38.Rc5 Rc8 39.Rc7 Rb7 40.Rxc8+ Qxc8 41.Bb3 Kf7 42.Bd5 Rb6 43.Bf3 Qd8 44.Qc5 a6
45.Qc7 Ke8 46.Re1 Nf6 47.Re5 Qb8 48.Rxe6+ Kf7 49.Re7+ Kf8 50.Re1 Kg8 51.Re5 Kf8
52.Ka2 Kf7 53.Bd5+ Kf8 54.Kb3 Nxd5 55.Rxd5 Rb7 56.Qc5 Rb6 57.Qd4 Kf7 58.Ka2 Rc6
59.Qd1 Qb6 60.Qd3 Qd8 61.Re5 Qf6 62.Rd5 Qe6 63.Kb1 Qf6 64.Kc2  1/2-1/2

[Event "TCh-CZE Extraliga 2013-14"]
[Site "Prague CZE"]
[Date "2013.11.02"]
[Round "1.7"]
[White "Vavra,P1"]
[Black "Rojicek,V"]
[Result "0-1"]
[WhiteElo "2351"]
[BlackElo "2424"]

1.d4 Nf6 2.Bg5 Ne4 3.Bf4 c5 4.f3 Qa5+ 5.c3 Nf6 6.d5 Qb6 7.Bc1 e6 8.e4 c4
9.b4 cxb3 10.axb3 Bc5 11.Nh3 O-O 12.b4 Be3 13.dxe6 fxe6 14.Bxe3 Qxe3+ 15.Be2 d5
16.Qd2 Qb6 17.e5 Nfd7 18.f4 Nc6 19.Qd3 h6 20.Bd1 Rf7 21.Na3 Nxb4 22.cxb4 Qxb4+
23.Qd2 Qe4+ 24.Qe2 Qb4+ 25.Qd2 Qe4+ 26.Qe2 Qb4+ 27.Kf1 Nc5 28.Nc2 Qb2 29.Qe3 b6
30.Qd4 Qb3 31.Ra3 Ba6+ 32.Ke1 Qb5 33.Nb4 Rc8 34.Nxa6 Nxa6 35.Qa4 Qb1 36.Qxa6 Rc1
37.Qd3 Rxd1+ 38.Qxd1 Qb4+ 39.Kf2 Qxa3 40.Re1 Qc5+ 41.Kf3 Rc7 42.Re3 b5 43.Nf2 a5
44.g4 a4 45.f5 a3 46.Qb3 b4 47.Nd3 Qd4 48.Qxb4 Rc4 49.Qxa3 Qxg4+ 50.Kf2 Rc2+  0-1

[Event "20th Mukachevo Rating 2013"]
[Site "Mukachevo UKR"]
[Date "2013.11.06"]
[Round "2.4"]
[White "Polyakov,M"]
[Black "Sychevskyy,Andriy"]
[Result "1-0"]
[WhiteElo "2403"]
[BlackElo "2159"]

1.d4 Nf6 2.Bg5 Ne4 3.Bf4 c5 4.f3 Qa5+ 5.c3 Nf6 6.d5 Qb6 7.b3 g6 8.e4 d6 9.Qd2 Bg7
10.Bh6 O-O 11.Bxg7 Kxg7 12.c4 e6 13.Bd3 Na6 14.Nc3 Nb4 15.Bb1 exd5 16.exd5 Bd7
17.Nge2 Rfe8 18.O-O Qd8 19.Ng3 Qe7 20.a3 Na6 21.Kf2 Qe5 22.Bc2 Qd4+ 23.Qxd4 cxd4
24.Nce2 b5 25.Nxd4 bxc4 26.bxc4 Rac8 27.Bd3 Nc5 28.Be2 h5 29.h4 Na4 30.Rfc1 Nb6
31.Nf1 Rc7 32.Nd2 Rec8 33.Rcb1 Na4 34.Bf1 Nb6 35.Rb4 Na4 36.N2b3 Nb6 37.Na5 Ng8
38.Re1 Re8 39.Rxe8 Bxe8 40.Bd3 Ne7 41.g4 hxg4 42.fxg4 Bd7 43.Be2 Kf6 44.Bf3 Ke5
45.Ndc6+ Bxc6 46.Nxc6+ Nxc6 47.dxc6 Kd4 48.h5 gxh5 49.gxh5 f6 50.Kg3 Kc5
51.Rb5+ Kxc4 52.Rf5 d5 53.Rxf6 d4 54.h6 d3 55.Rd6 Kc3 56.Be4 d2 57.h7 Rc8
58.c7 Rh8 59.Rd3+ Kc2 60.Rd8+ Kc1 61.Rxh8 d1=Q 62.c8=Q+ Nxc8 63.Rxc8+  1-0

[Event "TCh-SVK Ext 2013-14"]
[Site "Trencin SVK"]
[Date "2013.11.09"]
[Round "1.6"]
[White "Hlinka,V"]
[Black "Jozefek,M"]
[Result "1-0"]
[WhiteElo "2099"]
[BlackElo "2168"]

1.d4 Nf6 2.Bg5 Ne4 3.Bf4 d5 4.e3 g6 5.Bd3 Bg7 6.Nd2 Nxd2 7.Qxd2 Nd7 8.Nf3 O-O
9.O-O c6 10.c4 dxc4 11.Bxc4 c5 12.dxc5 Nxc5 13.Qxd8 Rxd8 14.Ng5 e6 15.Rad1 Rxd1
16.Rxd1 Bf6 17.b4 Nd7 18.Nxe6 a5 19.Nc7 Ra7 20.Ne8 Be7 21.Nd6 Nb6 22.Bxf7+ Kg7
23.Be5+ Kf8 24.Nxc8 Nxc8 25.Be6  1-0

[Event "10th European Teams w"]
[Site "Warsaw POL"]
[Date "2013.11.09"]
[Round "2.14"]
[White "Corke,A"]
[Black "Iwanow,A"]
[Result "0-1"]
[WhiteElo "2276"]
[BlackElo "2206"]

1.d4 Nf6 2.Bg5 Ne4 3.Bf4 e5 4.Bxe5 Nc6 5.Nd2 d5 6.Nxe4 dxe4 7.c3 Nxe5 8.dxe5 Qxd1+
9.Rxd1 Be6 10.e3 Bxa2 11.Ne2 g6 12.Ng3 Bg7 13.Nxe4 Bxe5 14.Nc5 Bg7 15.Nxb7 O-O
16.Ba6 Rfe8 17.Rd7 Re6 18.Nc5 Rb6 19.Rxc7 Be5 20.Rb7 Bd5 21.Re7 Bd6 22.Rd7 Bxc5  0-1

[Event "TCh-CZE Vychod 2013-14"]
[Site "Czech Rep CZE"]
[Date "2013.11.10"]
[Round "2.2"]
[White "Roubalik,J"]
[Black "Novotny,M1"]
[Result "0-1"]
[WhiteElo "2329"]
[BlackElo "2241"]

1.d4 Nf6 2.Bg5 Ne4 3.Bf4 d5 4.f3 Nf6 5.e4 dxe4 6.Nc3 Nd5 7.Nxd5 Qxd5 8.Bxc7 Nc6
9.c3 Bf5 10.Qb3 Qxb3 11.axb3 Rc8 12.Bf4 e5 13.Bxe5 Nxe5 14.dxe5 Bc5 15.Bb5+ Ke7
16.b4 Bb6 17.Ne2 exf3 18.gxf3 Rhd8 19.Ng3 Bc2 20.Rc1 Bg6 21.f4 Be3 22.Ra1 Bxf4
23.Rxa7 Rc7 24.Ke2 Bxe5 25.Re1 f5 26.Kf3 Kf6 27.Raa1 f4 28.Ne4+ Kf5 29.Bf1 Bh5+
30.Kf2 b6 31.Bh3+ Kg6 32.Ra6 Rc6 33.b5 Rf6 34.Ra7 Rd3 35.Bg2 Re6 36.Rg1 Kh6
37.Ra6 Bf6 38.Bf1 Bh4+ 39.Kg2 Rg6+ 40.Ng3 Rd2+ 41.Kh3 Bg4+  0-1

[Event "Chennai WGM 2013"]
[Site "Chennai IND"]
[Date "2013.11.11"]
[Round "8.4"]
[White "Purtseladze,M"]
[Black "Gevorgyan,M"]
[Result "1-0"]
[WhiteElo "2374"]
[BlackElo "2147"]

1.d4 Nf6 2.Bg5 Ne4 3.Bf4 c5 4.f3 Qa5+ 5.c3 Nf6 6.d5 Qb6 7.Bc1 e6 8.e4 exd5
9.exd5 d6 10.c4 Be7 11.Nc3 Nbd7 12.f4 Nf8 13.Bd3 Ng6 14.Nf3 Nh5 15.f5 Ngf4
16.g4 Nxd3+ 17.Qxd3 Nf6 18.h3 a6 19.Rh2 h6 20.Bf4 Bd7 21.Re2 Kd8 22.O-O-O Re8
23.Nd2 Bf8 24.Nde4 Nxe4 25.Nxe4 Kc7 26.Rde1 Red8 27.Qa3 Kc8 28.Bd2 a5 29.Bf4 Qa6
30.Qc3 b5 31.Qg3 bxc4 32.Bxd6 Qb6 33.Bxf8 Rxf8 34.Nd6+ Kd8 35.Nxc4 Qf6 36.Ne5 Bb5
37.Re3 Kc8 38.Rc3 Kb7 39.Rb3 Ka6 40.Rxb5 Kxb5 41.Qd3+ c4 42.Qxc4+ Kb6 43.Nd7+ Ka7
44.Qc7+ Ka6 45.Nc5+ Kb5 46.a4+ Kc4 47.Ne4+ Kb3 48.Re3+  1-0

[Event "23rd World Seniors 2013"]
[Site "Opatija CRO"]
[Date "2013.11.13"]
[Round "2.63"]
[White "Blaeser,R"]
[Black "Markovic,L"]
[Result "1/2-1/2"]
[WhiteElo "1971"]
[BlackElo "2172"]

1.d4 Nf6 2.Bg5 Ne4 3.Bf4 d5 4.e3 c6 5.Bd3 Nd6 6.Nd2 e6 7.Ngf3 Be7 8.Qe2 Nd7
9.e4 dxe4 10.Nxe4 Nxe4 11.Bxe4 Nf6 12.O-O Nxe4 13.Qxe4 O-O  1/2-1/2

[Event "2nd Crimea Autumn 2013"]
[Site "Simferopol UKR"]
[Date "2013.11.16"]
[Round "5"]
[White "Ajrapetjan,Y"]
[Black "Alexeev,Alexe"]
[Result "1-0"]
[WhiteElo "2502"]
[BlackElo "2316"]

1.d4 Nf6 2.Bg5 Ne4 3.Bf4 d5 4.e3 c5 5.c3 Nc6 6.Nd2 Nxd2 7.Qxd2 Bf5 8.Nf3 e6
9.Be2 Bd6 10.Bg3 O-O 11.Nh4 Be4 12.f3 Be7 13.fxe4 Bxh4 14.exd5 Bxg3+ 15.hxg3 Qxd5
16.Bf3 Qd6 17.O-O-O Rad8 18.Rh5 cxd4 19.exd4 h6 20.g4 f6 21.Qe3 Rfe8 22.Qe4 Qc7
23.Kb1 Qf7 24.Be2 f5 25.Qf3 Rf8 26.g5 hxg5 27.Rxg5 e5 28.Rh1 Na5 29.Qh3 Qf6
30.Qh7+ Kf7 31.Rxf5  1-0

[Event "4th Brno Open 2013"]
[Site "Brno CZE"]
[Date "2013.11.20"]
[Round "6.27"]
[White "Feldvabl,Vilem"]
[Black "Glacner,K"]
[Result "0-1"]
[WhiteElo "1779"]
[BlackElo "1554"]

1.d4 Nf6 2.Bg5 Ne4 3.Bf4 g6 4.c3 Bg7 5.Nd2 d5 6.e3 O-O 7.Bd3 Nf6 8.Ngf3 b6
9.Nb3 Ne4 10.Qc2 f5 11.Nfd2 h6 12.f3 Nf6 13.Bg3 Nc6 14.a4 a5 15.Bb5 Bb7 16.O-O Nh5
17.Bf2 e6 18.Be2 Qe7 19.Nc1 Rf7 20.Re1 Qf6 21.f4 Bf8 22.Bxh5 gxh5 23.Nf3 Rg7
24.Bh4 Qg6 25.Nd3 Qg4 26.Qf2 Qg6 27.Nde5 Qe8 28.Bf6 Rg4 29.h3 Nxe5 30.Nxe5 Rg6
31.Nxg6 Qxg6 32.Qh4 Ba6 33.Be5 Rc8 34.Qf6 Qxf6 35.Bxf6 Kf7 36.Be5 Bd3 37.Kh2 Be7
38.Rg1 c5 39.g4 fxg4 40.hxg4 h4 41.Rg2 Be4 42.Rf2 Bf6 43.Bxf6 Kxf6 44.Kh3 c4
45.Kxh4 Kg6 46.Rh2 Rf8 47.Rg1 Kf7 48.Kg3 Kg6 49.Kf2 Bc2 50.Rg3 Bxa4 51.Rgh3 Rh8
52.f5+ Kg5 53.fxe6 Bd1 54.Rh5+ Kg6 55.Rxd5 Bxg4 56.Rd6 h5 57.e7+ Kf7 58.Rd8 Re8
59.Rd6 b5 60.Rb6 Kxe7 61.Rxb5 Rf8+ 62.Ke1 Rh8 63.Kd2 a4 64.Rh1 a3 65.Ra1 a2
66.b3 h4 67.b4 h3 68.Rb7+ Bd7 69.Kc2 Rg8 70.Kb2 Rg2+ 71.Ka3 h2 72.Rh1 Rg1
73.Kxa2 Rxh1 74.Rb8 Ra1+  0-1

[Event "ch-VIE 2013"]
[Site "Ho Chi Minh City VIE"]
[Date "2013.11.21"]
[Round "5.2"]
[White "Duong The Anh"]
[Black "Vo Thanh Ninh"]
[Result "1/2-1/2"]
[WhiteElo "2348"]
[BlackElo "2294"]

1.d4 Nf6 2.Bg5 Ne4 3.Bf4 c5 4.f3 Qa5+ 5.c3 Nf6 6.d5 Nh5 7.Bc1 e5 8.e4 Qd8
9.g3 g6 10.Be3 d6 11.Bh3 Bg7 12.Bxc8 Qxc8 13.Nd2 O-O 14.Ne2 f5 15.Qb3 Nd7
16.exf5 gxf5 17.Nc4 Qc7 18.a4 b6 19.O-O Rab8 20.f4 e4 21.Kg2 Nhf6 22.Bf2 h5
23.Ne3 Ng4 24.h3 Nxe3+ 25.Bxe3 Nf6 26.Qc4 Qd7 27.Rfd1 Rfc8 28.Nc1 Rc7 29.Ra2 Qf7
30.Nb3 Rcb7 31.Na1  1/2-1/2

[Event "23rd World Seniors 2013"]
[Site "Opatija CRO"]
[Date "2013.11.21"]
[Round "9.36"]
[White "Giulian,P"]
[Black "Hohler,P"]
[Result "1/2-1/2"]
[WhiteElo "2244"]
[BlackElo "2171"]

1.d4 Nf6 2.Bg5 Ne4 3.Bf4 d5 4.e3 g6 5.f3 Nf6 6.c4 Bg7 7.Nc3 c6 8.Bd3 O-O
9.Nge2 dxc4 10.Bxc4 Nd5 11.Nxd5 cxd5 12.Bb3 Nc6 13.Nc3 e6 14.h4 h6 15.Rc1 Re8
16.Kf2 a6 17.Bg3 Bd7 18.Na4 b6 19.Qd2 Ra7 20.Bf4 Na5 21.Qb4 Nxb3 22.Qxb3 Bxa4
23.Qxa4 e5 24.dxe5 Bxe5 25.Bxe5 Rxe5 26.Qf4 Rae7 27.Qxh6 Rxe3 28.Qxe3 Rxe3
29.Kxe3 Qe8+ 30.Kd3 Qb5+ 31.Kd2 Qxb2+ 32.Rc2 Qd4+ 33.Ke2 Qe5+ 34.Kf2 Qd4+
35.Ke2 Qe5+ 36.Kf2 Qd4+  1/2-1/2

[Event "23rd World Seniors 2013"]
[Site "Opatija CRO"]
[Date "2013.11.23"]
[Round "11.65"]
[White "Blaeser,R"]
[Black "Kaminik,A"]
[Result "1/2-1/2"]
[WhiteElo "1971"]
[BlackElo "2138"]

1.d4 Nf6 2.Bg5 Ne4 3.Bf4 g6 4.f3 Nf6 5.e4 d6 6.Bc4 Bg7 7.Ne2 c5 8.dxc5 Qa5+
9.Qd2 Qxc5 10.Bb3 O-O 11.Be3 Qc7 12.Nbc3 a6 13.O-O Nc6 14.Rad1 Na5 15.Nf4 Nxb3
16.axb3 Be6 17.Na4 b5 18.Nb6 Rab8 19.Nbd5 Bxd5 20.exd5 b4 21.Rfe1 Rb5 22.Qf2 Qb7
23.Bc1 Re8 24.Qe2 Bh6 25.Kh1 a5 26.h4 Bf8 27.Qd3 Rc8 28.Be3 Rc7 29.Kh2 Bh6
30.Qd2 Bxf4+ 31.Bxf4 Rxd5 32.Qe2 Rxd1 33.Rxd1 Qc8 34.Rd2 Qf5 35.Bg5 Kg7 36.Qe3 Ng8
37.c4 bxc3 38.bxc3 h6 39.Bf4 Qf6 40.Rd3 Qxh4+ 41.Kg1 Rb7 42.Qe4 Nf6 43.Bxh6+ Qxh6  1/2-1/2

[Event "TCh-AUT 2nd Ost 2013-14"]
[Site "Zwettl AUT"]
[Date "2013.11.23"]
[Round "3.6"]
[White "Hechl,G"]
[Black "Lovrinovic,C"]
[Result "0-1"]
[WhiteElo "2182"]
[BlackElo "2140"]

1.d4 Nf6 2.Bg5 Ne4 3.Bf4 d5 4.e3 c6 5.Bd3 Qb6 6.Bxe4 Qxb2 7.Nd2 dxe4 8.Ne2 g6
9.O-O Bg7 10.a4 Qb6 11.Nxe4 O-O 12.Nc5 Qd8 13.a5 Nd7 14.Nxd7 Bxd7 15.Qb1 b6
16.axb6 Qxb6 17.c3 c5 18.Qd3 Qc6 19.d5 Qc8 20.Ra5 e5 21.Bg3 c4 22.Qc2 h5
23.f3 Bf6 24.Qa2 a6 25.Ra1 Bb5 26.Bf2 Qd7 27.e4 Rfc8 28.Qd2 Bd8 29.R5a2 Qd6
30.Ng3 Kh7 31.Be3 h4 32.Nf1 f6 33.Qf2 f5 34.g3 Qf6 35.Qg2 Be7 36.Qh3 Rh8
37.Rg2 Kg7 38.exf5 Bd7 39.g4 gxf5 40.gxf5+ Kf8 41.f4 Bxf5 42.Qf3 e4 43.Qd1 Rg8
44.Rxg8+ Kxg8 45.Ra2 Bh3 46.d6 Qxd6 47.Qxd6 Bxd6 48.Nd2 Bf8 49.Nxe4 a5 50.Ra4 Bf5
51.Nd2 Bc2 52.Ra1 Bb3 53.Nf3 Bg7 54.Nd4 a4 55.Bc1 Bxd4+ 56.cxd4 c3 57.Kf2 Re8
58.Ba3 Re4 59.Rc1 c2 60.Kf3 Rxd4 61.Kg4 h3 62.Kxh3 Rxf4 63.Kg3 Rd4 64.Kf3 Kf7
65.Ke3 Rd1 66.h4 Kg6 67.Kf2 Kh5 68.Kg3 Rd3+ 69.Kf4 Rd4+ 70.Ke3 Rd1 71.Kf4 Kxh4
72.Bb2 Kh5 73.Kf5 Kh6 74.Kf6 Kh7 75.Ba3 Kg8 76.Kg6 Ba2 77.Kf6 Bb1 78.Ke6 Kg7
79.Bb2+ Kf8 80.Ba3+ Ke8 81.Bb2 Kd8 82.Ke5 Kc7 83.Ke4 Kc6 84.Ke3 Kb5 85.Ke2 Rd5
86.Rh1 Kc4 87.Bc1 Ba2 88.Rh4+ Kb5 89.Rh1 Bc4+ 90.Ke3 Rd3+ 91.Ke4 Rd1 92.Rh5+ Kb4  0-1

[Event "TCh-AUT 2nd Ost 2013-14"]
[Site "Zwettl AUT"]
[Date "2013.11.24"]
[Round "4.4"]
[White "Kopinits,A"]
[Black "Heiny,M"]
[Result "1-0"]
[WhiteElo "2286"]
[BlackElo "2084"]

1.d4 Nf6 2.Bg5 Ne4 3.Bf4 c5 4.f3 Qa5+ 5.c3 Nf6 6.Nd2 d6 7.Nb3 Qb6 8.dxc5 dxc5
9.e4 e6 10.Bc4 Be7 11.Ne2 O-O 12.O-O Rd8 13.Qc2 Nc6 14.a4 Na5 15.Nxa5 Qxa5
16.Nc1 Bd7 17.Nd3 Qb6 18.a5 Qc6 19.Ne5 Qc8 20.Nxd7 Rxd7 21.Bb5 Rd8 22.a6 b6
23.Qb3 Nh5 24.Be3 Qc7 25.f4 Nf6 26.f5 Bd6 27.fxe6 Bxh2+ 28.Kh1 Nxe4 29.Rxf7 Ng3+
30.Kxh2 Nf1+ 31.Kg1 Qh2+ 32.Kxf1 Qh1+ 33.Bg1 Rd2 34.Bc6 Qh5  1-0

[Event "9th Ugra Governor's Cup"]
[Site "Khanty-Mansiysk RUS"]
[Date "2013.11.29"]
[Round "2.21"]
[White "Pridorozhni,A"]
[Black "Savitskiy,S"]
[Result "1-0"]
[WhiteElo "2517"]
[BlackElo "2363"]

1.d4 Nf6 2.Bg5 Ne4 3.Bf4 d6 4.f3 Nf6 5.e4 Nbd7 6.Nc3 e5 7.Be3 Be7 8.Nge2 O-O
9.g4 Re8 10.Ng3 exd4 11.Bxd4 Nb6 12.g5 Nfd7 13.h4 Bf8 14.Be2 Ne5 15.f4 c5
16.Bf2 Ng6 17.Qd2 Ne7 18.O-O-O Nc6 19.Nb5 d5 20.exd5 Nb4 21.d6 Nxa2+ 22.Kb1 Be6
23.Nc7 Na4 24.Bb5  1-0

[Event "9th Ugra Governor's Cup"]
[Site "Khanty-Mansiysk RUS"]
[Date "2013.11.30"]
[Round "3.6"]
[White "Kokarev,Dm"]
[Black "Dvoirys,S"]
[Result "1-0"]
[WhiteElo "2631"]
[BlackElo "2562"]

1.d4 Nf6 2.Bg5 Ne4 3.Bf4 d5 4.f3 Nf6 5.Nc3 e6 6.e4 Be7 7.Qd2 O-O 8.O-O-O a6
9.g4 dxe4 10.g5 Nd5 11.Nxe4 Nd7 12.Bg3 b5 13.h4 Bb7 14.h5 f5 15.gxf6 N5xf6
16.Ng5 Ne4 17.Nxe4 Bxe4 18.Qh2 Bf5 19.Bxc7 Bg5+ 20.Kb1 Qf6 21.Bd3 Rae8 22.Ne2 Bxd3
23.Rxd3 e5 24.Nc3 Qc6 25.Bxe5 Nxe5 26.dxe5 Rxf3 27.Qg2 Ref8 28.Nd5  1-0

[Event "9th Ugra Governor's Cup B"]
[Site "Khanty-Mansiysk RUS"]
[Date "2013.11.30"]
[Round "3"]
[White "Papayan,O"]
[Black "Sergeev,Ve"]
[Result "1/2-1/2"]
[WhiteElo "2245"]
[BlackElo "2374"]

1.d4 Nf6 2.Bg5 Ne4 3.h4 c5 4.dxc5 Qa5+ 5.Nd2 Nxg5 6.hxg5 g6 7.Nf3 Bg7 8.c3 Qxc5
9.Nb3 Qb6 10.a4 a5 11.e4 Nc6 12.Bc4 d6 13.Rh4 h5 14.gxh6 Rxh6 15.Rxh6 Bxh6
16.Qd5 Be6 17.Qd3 Bxc4 18.Qxc4 e6 19.Qb5 Qc7 20.Ke2 Bg7 21.Rh1 O-O-O 22.Rh7 Bf6
23.Nfd4 Bxd4 24.Nxd4 Nxd4+ 25.cxd4 Kb8 26.Kf3 e5 27.Qd5 Rd7 28.g3 Ka7 29.Rh1 exd4
30.Rd1 f5 31.exf5 gxf5 32.Qxd4+ b6 33.Qd5 Qc2 34.b3 Rc7 35.Kg2 Rh7 36.Re1 Rh2+
37.Kxh2 Qxf2+ 38.Kh3 Qxe1 39.Qxf5 Qh1+ 40.Kg4 d5 41.Qd7+  1/2-1/2

[Event "TCh-CZE Extraliga 2013-14"]
[Site "Litovel CZE"]
[Date "2013.11.30"]
[Round "3.6"]
[White "Vavra,P1"]
[Black "Kuchynka,Luk"]
[Result "1-0"]
[WhiteElo "2351"]
[BlackElo "2304"]

1.d4 Nf6 2.Bg5 Ne4 3.Bf4 d5 4.e3 c5 5.Nd2 Nxd2 6.Qxd2 Nc6 7.Nf3 e6 8.a3 Qb6
9.c3 Bd7 10.Be2 cxd4 11.exd4 a5 12.a4 Be7 13.O-O O-O 14.Bd3 Rfe8 15.Rfe1 Rac8
16.Re3 f5 17.Rae1 Bf6 18.Bg5 Qd8 19.Bxf6 Qxf6 20.Bb5 Re7 21.R3e2 f4 22.h3 Be8
23.Bxc6 Bxc6 24.b3 Be8 25.Ne5 b5 26.axb5 Bxb5 27.c4 dxc4 28.Qxa5 f3 29.Re3 c3
30.Qxb5 Qg5 31.Qf1 fxg2 32.Qxg2 Qf4 33.Nc6 Rec7 34.Rxc3  1-0

[Event "XXVII Belgrade Trophy"]
[Site "Obrenovac SRB"]
[Date "2013.11.30"]
[Round "7.39"]
[White "Radojkovic,V"]
[Black "Demir,G"]
[Result "0-1"]
[WhiteElo "2018"]
[BlackElo "2194"]

1.d4 Nf6 2.Bg5 Ne4 3.Bf4 c5 4.dxc5 d5 5.Nd2 Nxc5 6.e3 Nc6 7.Ngf3 f6 8.h3 e5
9.Bg3 Bf5 10.Bb5 Qb6 11.Bxc6+ Qxc6 12.O-O Na4 13.c4 dxc4 14.e4 Be6 15.Qc2 Nc5
16.Rfd1 Be7 17.Nh4 g6 18.Re1 Nd3 19.Re2 O-O 20.Kh1 Rfd8 21.Nhf3 Rac8 22.h4 b5
23.h5 b4 24.hxg6 hxg6 25.Nh4 Kg7 26.b3 cxb3 27.Qxc6 Rxc6 28.Nxb3 a5 29.Nf3 a4
30.Nbd2 Rc1+  0-1

[Event "73rd ch-ITA"]
[Site "Rome ITA"]
[Date "2013.11.30"]
[Round "9.4"]
[White "Garcia Palermo,C"]
[Black "Dvirnyy,D"]
[Result "1-0"]
[WhiteElo "2450"]
[BlackElo "2560"]

1.d4 Nf6 2.Bg5 Ne4 3.Bf4 c5 4.f3 Nf6 5.d5 Nh5 6.Be3 e5 7.g4 Nf4 8.Nc3 Be7
9.d6 Bh4+ 10.Kd2 Na6 11.Bxf4 exf4 12.Nh3 Bf6 13.Kc1 Be5 14.Ne4 Bd4 15.Nxf4 Be3+
16.Kb1 Bxf4 17.e3 Bxe3 18.Bxa6 O-O 19.Qd5 Rb8 20.Bd3 b6 21.c3 Qh4 22.Kc2 Bb7
23.Qf5 Bxe4 24.fxe4 b5 25.Raf1 c4 26.Be2 g6 27.Qxd7 Qg5 28.Rf3 Rbd8 29.Qc6 Rc8
30.Qb7 Rb8 31.Qd7 Bb6 32.Rhf1 Qe5 33.Qc6 Qxh2 34.Kd1 Rbd8 35.d7 Qe5 36.Rf6 Rfe8
37.Rxf7 Re6 38.Qb7 Rb8 39.Qc8+ Bd8 40.Rf8+ Kg7 41.Rxd8 Rd6+ 42.Ke1 Qg3+ 43.Rf2 Qg1+
44.Bf1 Qg3 45.Rg8+ Kh6 46.g5+ Kh5 47.Qxb8  1-0